Capitales - Statistics

General Stats
  • This quiz has been taken 9 times
  • The average score is 22 of 30
Answer Stats
Hint Answer % Correct
Australie Canberra
100%
Mexique Mexico
100%
Inde New Delhi
100%
Canada Ottawa
100%
France Paris
100%
Italie Rome
100%
Chine Pékin
88%
Japon Tokyo
88%
États-Unis Washington
88%
Madagascar Antananarivo
75%
Colombie Bogota
75%
Belarussie Minsk
75%
Kenya Nairobi
75%
Norvège Oslo
75%
Panama Panama
75%
Afrique du Sud Pretoria
75%
Maroc Rabat
75%
Nigeria Abuja
63%
Ghana Accra
63%
Grèce Athenes
63%
Allemagne Berlin
63%
Syrie Damas
63%
Jamaïque Kingston
63%
Togo Lomé
63%
Pays-Bas Amsterdam
50%
Égypte La Caire
50%
Vanuatu Port-Vila
50%
Kosovo Pristina
50%
Sri Lanka Colombo
38%
Andorre Andorre-La-Veille
25%
No matching quizzes found
Score Distribution
Percent of People with Each Score
Percentile by Number Answered
Your Score History
You have not taken this quiz